| 000 | 00348nam a2200145Ia 4500 | ||
|---|---|---|---|
| 001 | 3066 | ||
| 008 | 140317s9999 xx 000 0 und d | ||
| 040 | _cPK-LaUMT | ||
| 082 |
_aR 315.491 _bFED-P |
||
| 245 | _aPakistan Statistical yearbook 1990 | ||
| 260 |
_aKarachi,Pakistan: _bThe Managers, _c1990 |
||
| 300 | _a696 p. | ||
| 546 | _aEN | ||
| 942 | _cBK | ||
| 999 |
_c3317 _d3317 |
||